[Event "Team Championship (men blitz)"]
[Site "Sochi"]
[Date "2017.10.05"]
[Round "8.27"]
[White "Lugovskoy, Maxim"]
[Black "Papenin, Nikolai"]
[Result "1/2-1/2"]
[LiveChessVersion "1.4.8"]
[BlackElo "2334"]
[WhiteElo "2512"]

1. d4 {[%clk 0:03:04]} Nf6 {[%clk 0:03:03]} 2. Nc3 {[%clk 0:03:05]} c5
{[%clk 0:03:02]} 3. d5 {[%clk 0:03:05]} e6 {[%clk 0:03:03]} 4. e4
{[%clk 0:03:07]} exd5 {[%clk 0:03:04]} 5. exd5 {[%clk 0:03:08]} d6
{[%clk 0:03:05]} 6. Nf3 {[%clk 0:03:09]} g6 {[%clk 0:03:07]} 7. Be2
{[%clk 0:03:09]} Bg7 {[%clk 0:03:08]} 8. O-O {[%clk 0:03:09]} O-O
{[%clk 0:03:09]} 9. Bg5 {[%clk 0:03:11]} h6 {[%clk 0:03:03]} 10. Bh4
{[%clk 0:03:12]} Re8 {[%clk 0:02:54]} 11. Re1 {[%clk 0:03:12]} a6
{[%clk 0:02:44]} 12. a4 {[%clk 0:03:14]} Nbd7 {[%clk 0:02:42]} 13. Bf1
{[%clk 0:03:14]} Rxe1 {[%clk 0:02:31]} 14. Qxe1 {[%clk 0:03:15]} b6
{[%clk 0:02:14]} 15. Qd2 {[%clk 0:03:15]} Bb7 {[%clk 0:02:14]} 16. Re1
{[%clk 0:03:16]} g5 {[%clk 0:01:50]} 17. Bg3 {[%clk 0:03:17]} Nf8
{[%clk 0:01:52]} 18. h3 {[%clk 0:03:04]} Qd7 {[%clk 0:01:34]} 19. Bc4
{[%clk 0:02:43]} Nh5 {[%clk 0:01:17]} 20. Bh2 {[%clk 0:02:43]} Ng6
{[%clk 0:01:18]} 21. Ne4 {[%clk 0:02:36]} b5 {[%clk 0:01:08]} 22. Bf1
{[%clk 0:02:29]} Nhf4 {[%clk 0:01:07]} 23. axb5 {[%clk 0:02:03]} axb5
{[%clk 0:01:07]} 24. h4 {[%clk 0:01:57]} Bxd5 {[%clk 0:00:42]} 25. h5
{[%clk 0:01:57]} Bxe4 {[%clk 0:00:39]} 26. Rxe4 {[%clk 0:01:58]} Nxh5
{[%clk 0:00:39]} 27. Qxd6 {[%clk 0:01:40]} Qxd6 {[%clk 0:00:40]} 28. Bxd6
{[%clk 0:01:41]} c4 {[%clk 0:00:38]} 29. b3 {[%clk 0:01:24]} cxb3
{[%clk 0:00:34]} 30. cxb3 {[%clk 0:01:26]} Ra1 {[%clk 0:00:34]} 31. g3
{[%clk 0:01:22]} Nf6 {[%clk 0:00:33]} 32. Rb4 {[%clk 0:01:16]} Rd1
{[%clk 0:00:22]} 33. Bc5 {[%clk 0:01:11]} Nd7 {[%clk 0:00:22]} 34. Be3
{[%clk 0:01:09]} Nde5 {[%clk 0:00:18]} 35. Nxe5 {[%clk 0:01:07]} Nxe5
{[%clk 0:00:19]} 36. Rxb5 {[%clk 0:00:55]} Nf3+ {[%clk 0:00:13]} 37. Kg2
{[%clk 0:00:56]} g4 {[%clk 0:00:15]} 38. Rc5 {[%clk 0:00:21]} Bb2
{[%clk 0:00:16]} 39. Rc4 {[%clk 0:00:11]} Ne1+ {[%clk 0:00:16]} 40. Kh1
{[%clk 0:00:10]} Nf3 {[%clk 0:00:17]} 41. Rxg4+ {[%clk 0:00:11]} Kh7
{[%clk 0:00:16]} 42. Kg2 {[%clk 0:00:12]} Ne1+ {[%clk 0:00:17]} 43. Kh3
{[%clk 0:00:11]} Nc2 {[%clk 0:00:14]} 44. Bg2 {[%clk 0:00:04]} Nxe3
{[%clk 0:00:15]} 45. fxe3 {[%clk 0:00:05]} Bg7 {[%clk 0:00:14]} 46. Rb4
{[%clk 0:00:05]} Re1 {[%clk 0:00:15]} 47. Be4+ {[%clk 0:00:04]} Kg8
{[%clk 0:00:15]} 48. Rb8+ {[%clk 0:00:04]} Bf8 {[%clk 0:00:16]} 49. b4
{[%clk 0:00:04]} Rxe3 {[%clk 0:00:17]} 50. Bd5 {[%clk 0:00:06]} Kg7
{[%clk 0:00:17]} 51. Rb7 {[%clk 0:00:04]} Re7 {[%clk 0:00:18]} 52. Rb6 Re5
{[%clk 0:00:18]} 53. Bf3 {[%clk 0:00:03]} Re3 {[%clk 0:00:18]} 54. Kg2
{[%clk 0:00:05]} Rb3 {[%clk 0:00:18]} 55. b5 {[%clk 0:00:06]} Rb2+
{[%clk 0:00:18]} 56. Kh3 {[%clk 0:00:07]} Rb3 {[%clk 0:00:19]} 57. Bd5
{[%clk 0:00:08]} Rd3 {[%clk 0:00:19]} 58. Be4 {[%clk 0:00:10]} Re3
{[%clk 0:00:19]} 59. Bc6 {[%clk 0:00:11]} Bd6 {[%clk 0:00:19]} 60. Kg2
{[%clk 0:00:12]} Rxg3+ {[%clk 0:00:20]} 61. Kf1 {[%clk 0:00:13]} Rg1+
{[%clk 0:00:20]} 62. Ke2 {[%clk 0:00:14]} Bc5 {[%clk 0:00:15]} 63. Rb7
{[%clk 0:00:13]} Rg5 {[%clk 0:00:11]} 64. Rb8 {[%clk 0:00:10]} h5
{[%clk 0:00:08]} 65. b6 {[%clk 0:00:11]} Re5+ {[%clk 0:00:08]} 66. Kf3
{[%clk 0:00:10]} Re6 {[%clk 0:00:09]} 67. b7 {[%clk 0:00:11]} Bd6
{[%clk 0:00:09]} 68. Rc8 {[%clk 0:00:09]} Rf6+ {[%clk 0:00:07]} 69. Ke3
{[%clk 0:00:09]} Re6+ {[%clk 0:00:08]} 70. Be4 {[%clk 0:00:10]} f5
{[%clk 0:00:08]} 71. Rc6 {[%clk 0:00:05]} Rxe4+ {[%clk 0:00:08]} 72. Kf3
{[%clk 0:00:05]} Bf4 {[%clk 0:00:08]} 73. Rb6 {[%clk 0:00:04]} Bb8
{[%clk 0:00:06]} 74. Rb5 {[%clk 0:00:04]} Kg6 {[%clk 0:00:07]} 75. Rb6+
{[%clk 0:00:05]} Kg5 {[%clk 0:00:08]} 76. Rb5 {[%clk 0:00:04]} h4
{[%clk 0:00:08]} 77. Rb1 {[%clk 0:00:03]} Rg4 {[%clk 0:00:07]} 78. Rc1
{[%clk 0:00:04]} h3 {[%clk 0:00:07]} 79. Rc8 {[%clk 0:00:05]} Be5
{[%clk 0:00:06]} 80. Re8 {[%clk 0:00:04]} Bc7 {[%clk 0:00:04]} 81. Rc8
{[%clk 0:00:05]} Bd6 {[%clk 0:00:06]} 82. Rd8 {[%clk 0:00:06]} Bf4
{[%clk 0:00:05]} 83. Rg8+ {[%clk 0:00:06]} Kf6 {[%clk 0:00:04]} 84. Rxg4
{[%clk 0:00:05]} fxg4+ {[%clk 0:00:05]} 85. Kxf4 {[%clk 0:00:07]} h2
{[%clk 0:00:05]} 86. b8=Q {[%clk 0:00:07]} h1=Q {[%clk 0:00:06]} 87. Qd6+
{[%clk 0:00:06]} Kf7 {[%clk 0:00:07]} 88. Qd7+ {[%clk 0:00:07]} Kf6
{[%clk 0:00:08]} 89. Qd6+ {[%clk 0:00:09]} Ke5+ 90. Ke4+ 1/2-1/2

[Event "Team Championship (men blitz)"]
[Site "Sochi"]
[Date "2017.10.05"]
[Round "8.28"]
[White "Derjabin, Ilja"]
[Black "Krylov, Mikhail"]
[Result "0-1"]
[LiveChessVersion "1.4.8"]
[BlackElo "2494"]
[WhiteElo "2388"]

1. d4 {[%clk 0:03:03]} Nf6 {[%clk 0:03:03]} 2. c4 {[%clk 0:03:04]} g6
{[%clk 0:03:03]} 3. Nc3 {[%clk 0:03:05]} Bg7 {[%clk 0:03:05]} 4. e4
{[%clk 0:03:06]} d6 {[%clk 0:03:06]} 5. Nge2 {[%clk 0:03:08]} O-O
{[%clk 0:03:04]} 6. Ng3 {[%clk 0:03:09]} c5 7. d5 a6 {[%clk 0:02:57]} 8. a4
{[%clk 0:03:12]} e6 {[%clk 0:02:58]} 9. Be2 {[%clk 0:03:13]} exd5
{[%clk 0:02:58]} 10. cxd5 {[%clk 0:03:14]} Nbd7 {[%clk 0:02:51]} 11. O-O
{[%clk 0:03:15]} h5 {[%clk 0:02:51]} 12. Bg5 {[%clk 0:03:16]} Qc7
{[%clk 0:02:48]} 13. Qd2 {[%clk 0:03:17]} Re8 {[%clk 0:02:46]} 14. f4
{[%clk 0:03:18]} Nh7 {[%clk 0:02:43]} 15. Bh4 {[%clk 0:03:19]} Rb8
{[%clk 0:02:31]} 16. Kh1 {[%clk 0:03:19]} c4 {[%clk 0:02:23]} 17. Rae1
{[%clk 0:03:09]} b5 {[%clk 0:02:22]} 18. axb5 {[%clk 0:03:10]} axb5
{[%clk 0:02:23]} 19. e5 {[%clk 0:03:11]} dxe5 {[%clk 0:02:15]} 20. f5
{[%clk 0:03:12]} Nc5 {[%clk 0:01:56]} 21. d6 {[%clk 0:03:09]} Qd7
{[%clk 0:01:40]} 22. fxg6 {[%clk 0:03:07]} fxg6 {[%clk 0:01:40]} 23. Nd5
{[%clk 0:02:24]} Kh8 {[%clk 0:01:10]} 24. Ne7 {[%clk 0:02:15]} Qe6
{[%clk 0:01:12]} 25. Nxh5 {[%clk 0:01:54]} gxh5 {[%clk 0:01:00]} 26. Bxh5
{[%clk 0:01:56]} Bd7 {[%clk 0:00:51]} 27. Bf7 {[%clk 0:01:54]} Rxe7
{[%clk 0:00:44]} 28. Bxe6 Rxe6 {[%clk 0:00:45]} 29. Qd5 {[%clk 0:01:44]} Nd3
{[%clk 0:00:39]} 30. Rf7 {[%clk 0:01:45]} Nxe1 {[%clk 0:00:30]} 31. Rxd7
{[%clk 0:01:32]} Rf8 {[%clk 0:00:25]} 32. h3 {[%clk 0:01:34]} Rg6
{[%clk 0:00:12]} 33. Bxe1 {[%clk 0:01:33]} Rf1+ {[%clk 0:00:11]} 34. Kh2
{[%clk 0:01:34]} Rxe1 {[%clk 0:00:12]} 35. Rd8+ {[%clk 0:01:26]} Nf8
{[%clk 0:00:13]} 36. Qf7 {[%clk 0:01:27]} Kh7 {[%clk 0:00:08]} 37. Qf2
{[%clk 0:01:15]} Rd1 {[%clk 0:00:08]} 38. Qh4+ {[%clk 0:00:54]} Rh6
{[%clk 0:00:09]} 39. Qe4+ {[%clk 0:00:55]} Rg6 {[%clk 0:00:10]} 40. h4
{[%clk 0:00:55]} Rd4 {[%clk 0:00:11]} 41. Qf5 {[%clk 0:00:52]} Rxh4+
{[%clk 0:00:13]} 42. Kg1 {[%clk 0:00:54]} Rd4 {[%clk 0:00:14]} 43. Qh5+
{[%clk 0:00:47]} Rh6 {[%clk 0:00:15]} 44. Qf5+ {[%clk 0:00:49]} Kg8
{[%clk 0:00:13]} 45. d7 {[%clk 0:00:46]} Rhd6 {[%clk 0:00:14]} 46. Rb8
{[%clk 0:00:32]} Rxd7 {[%clk 0:00:15]} 47. Rxb5 {[%clk 0:00:33]} Rd1+
{[%clk 0:00:16]} 48. Kh2 {[%clk 0:00:34]} Rf7 {[%clk 0:00:16]} 49. Qe4
{[%clk 0:00:34]} Rd4 {[%clk 0:00:18]} 50. Qc2 {[%clk 0:00:32]} Rh4+
{[%clk 0:00:19]} 51. Kg1 {[%clk 0:00:33]} Rd4 {[%clk 0:00:18]} 52. Rc5
{[%clk 0:00:31]} e4 {[%clk 0:00:19]} 53. Rxc4 {[%clk 0:00:32]} e3
{[%clk 0:00:19]} 54. Rxd4 Bxd4 {[%clk 0:00:20]} 55. Kh2 {[%clk 0:00:27]} Be5+
{[%clk 0:00:19]} 56. Kh3 {[%clk 0:00:26]} Rf2 {[%clk 0:00:15]} 57. Qc4+
{[%clk 0:00:25]} Kh8 {[%clk 0:00:13]} 58. Qe4 {[%clk 0:00:25]} Bf4
{[%clk 0:00:13]} 59. g3 {[%clk 0:00:21]} Bh6 {[%clk 0:00:14]} 60. b4
{[%clk 0:00:20]} Kg7 {[%clk 0:00:12]} 61. b5 {[%clk 0:00:20]} Rf6
{[%clk 0:00:13]} 62. Qe5 {[%clk 0:00:17]} Kg6 {[%clk 0:00:13]} 63. g4
{[%clk 0:00:15]} Re6 {[%clk 0:00:14]} 64. Qf5+ {[%clk 0:00:16]} Kg7
{[%clk 0:00:16]} 65. g5 {[%clk 0:00:15]} e2 {[%clk 0:00:17]} 66. gxh6+
{[%clk 0:00:16]} Rxh6+ {[%clk 0:00:18]} 67. Kg4 {[%clk 0:00:16]} e1=Q
{[%clk 0:00:19]} 0-1

[Event "Team Championship (men blitz)"]
[Site "Sochi"]
[Date "2017.10.05"]
[Round "8.29"]
[White "Tsvetkov, Andrey"]
[Black "Pogromsky, Mikhail"]
[Result "1-0"]
[LiveChessVersion "1.4.8"]
[BlackElo "2450"]
[WhiteElo "2120"]

1. d4 {[%clk 0:03:04]} Nf6 {[%clk 0:03:03]} 2. c4 {[%clk 0:03:05]} e6
{[%clk 0:03:04]} 3. Nc3 {[%clk 0:03:07]} Bb4 {[%clk 0:03:05]} 4. e3
{[%clk 0:03:08]} c6 {[%clk 0:03:04]} 5. Nge2 {[%clk 0:03:09]} d5 {[%clk 0:03:03]}
6. a3 {[%clk 0:03:09]} Bd6 {[%clk 0:03:00]} 7. g3 {[%clk 0:03:03]} dxc4
{[%clk 0:02:59]} 8. Bg2 {[%clk 0:03:04]} a6 {[%clk 0:02:51]} 9. O-O
{[%clk 0:03:03]} O-O {[%clk 0:02:48]} 10. e4 {[%clk 0:03:00]} e5 {[%clk 0:02:47]}
11. d5 {[%clk 0:02:51]} cxd5 {[%clk 0:02:44]} 12. exd5 {[%clk 0:02:43]} Bf5
{[%clk 0:02:34]} 13. Bg5 {[%clk 0:02:15]} Nbd7 {[%clk 0:02:35]} 14. Rc1
{[%clk 0:02:10]} b5 {[%clk 0:02:36]} 15. a4 Qb6 {[%clk 0:02:35]} 16. Be3
{[%clk 0:01:57]} Bc5 {[%clk 0:02:35]} 17. Bxc5 {[%clk 0:01:47]} Nxc5
{[%clk 0:02:35]} 18. Qd2 {[%clk 0:01:34]} Nb3 {[%clk 0:02:32]} 19. Qg5
{[%clk 0:01:35]} Nxc1 {[%clk 0:02:28]} 20. Rxc1 {[%clk 0:01:34]} Bd3
{[%clk 0:02:25]} 21. Qxe5 {[%clk 0:01:17]} b4 {[%clk 0:02:21]} 22. Na2
{[%clk 0:01:13]} a5 {[%clk 0:01:58]} 23. Qd4 {[%clk 0:01:11]} Rab8
{[%clk 0:01:45]} 24. Qxb6 {[%clk 0:00:57]} Rxb6 {[%clk 0:01:46]} 25. Nd4
{[%clk 0:00:57]} c3 {[%clk 0:01:43]} 26. bxc3 {[%clk 0:00:44]} b3 27. Nxb3 Rxb3
{[%clk 0:01:44]} 28. c4 {[%clk 0:00:47]} Rb1 {[%clk 0:01:29]} 29. Rxb1
{[%clk 0:00:48]} Bxb1 {[%clk 0:01:30]} 30. Nc3 {[%clk 0:00:50]} Bf5
{[%clk 0:01:25]} 31. c5 {[%clk 0:00:51]} Rc8 {[%clk 0:01:17]} 32. c6
{[%clk 0:00:52]} Ne8 {[%clk 0:00:57]} 33. Nb5 {[%clk 0:00:53]} Kf8
{[%clk 0:00:35]} 34. d6 {[%clk 0:00:42]} Rd8 {[%clk 0:00:36]} 35. d7
{[%clk 0:00:15]} Bxd7 36. cxd7 Rxd7 {[%clk 0:00:37]} 37. Bc6 {[%clk 0:00:16]} Rd3
{[%clk 0:00:34]} 38. Kf1 {[%clk 0:00:14]} Nd6 {[%clk 0:00:22]} 39. Ke2
{[%clk 0:00:13]} Rb3 {[%clk 0:00:15]} 40. Nxd6 {[%clk 0:00:06]} Rb6
{[%clk 0:00:16]} 41. Nc4 {[%clk 0:00:04]} Rxc6 {[%clk 0:00:17]} 42. Nxa5
{[%clk 0:00:05]} Ra6 {[%clk 0:00:19]} 43. Nc4 {[%clk 0:00:07]} Rxa4
{[%clk 0:00:20]} 44. Ne3 {[%clk 0:00:08]} g5 {[%clk 0:00:12]} 45. h3
{[%clk 0:00:08]} h5 {[%clk 0:00:11]} 46. Kf3 {[%clk 0:00:09]} Ke7
{[%clk 0:00:12]} 47. Kg2 {[%clk 0:00:05]} Ke6 {[%clk 0:00:13]} 48. Kf3
{[%clk 0:00:06]} f5 {[%clk 0:00:14]} 49. Ke2 {[%clk 0:00:07]} Ke5
{[%clk 0:00:15]} 50. Nf1 {[%clk 0:00:05]} Ra3 {[%clk 0:00:15]} 51. Nd2
{[%clk 0:00:05]} f4 {[%clk 0:00:09]} 52. Nc4+ {[%clk 0:00:06]} 1-0

[Event "Team Championship (men blitz)"]
[Site "Sochi"]
[Date "2017.10.05"]
[Round "8.30"]
[White "Vokarev, Sergey"]
[Black "Murtazin, Ruslan"]
[Result "1-0"]
[LiveChessVersion "1.4.8"]
[BlackElo "2200"]
[WhiteElo "2427"]

1. Nf3 {[%clk 0:03:03]} Nf6 {[%clk 0:03:03]} 2. g3 {[%clk 0:03:05]} g6
{[%clk 0:03:04]} 3. Bg2 {[%clk 0:03:06]} Bg7 {[%clk 0:03:05]} 4. d4
{[%clk 0:03:08]} O-O {[%clk 0:03:05]} 5. O-O {[%clk 0:03:09]} d6 {[%clk 0:03:06]}
6. b3 {[%clk 0:03:10]} c5 {[%clk 0:02:56]} 7. Bb2 {[%clk 0:02:54]} Nbd7
{[%clk 0:02:40]} 8. c4 {[%clk 0:02:53]} Rb8 {[%clk 0:02:29]} 9. Nc3
{[%clk 0:02:53]} a6 {[%clk 0:02:27]} 10. a4 {[%clk 0:02:44]} cxd4
{[%clk 0:02:21]} 11. Nxd4 {[%clk 0:02:45]} Nc5 {[%clk 0:02:21]} 12. e3
{[%clk 0:02:39]} Bg4 {[%clk 0:02:12]} 13. Qc2 {[%clk 0:02:30]} Qd7
{[%clk 0:02:10]} 14. f3 {[%clk 0:02:11]} Bh3 {[%clk 0:02:07]} 15. Rfd1
{[%clk 0:02:11]} Bxg2 {[%clk 0:01:51]} 16. Kxg2 {[%clk 0:02:12]} Rbc8
{[%clk 0:01:15]} 17. Nde2 {[%clk 0:02:12]} Rfe8 {[%clk 0:00:55]} 18. e4
{[%clk 0:02:10]} Qc6 {[%clk 0:00:23]} 19. Nf4 {[%clk 0:02:05]} e5
{[%clk 0:00:14]} 20. Nfd5 {[%clk 0:02:00]} Ne6 {[%clk 0:00:14]} 21. Nxf6+
{[%clk 0:01:58]} Bxf6 {[%clk 0:00:15]} 22. Nd5 {[%clk 0:01:58]} Bg7
{[%clk 0:00:16]} 23. a5 {[%clk 0:01:57]} Nd4 {[%clk 0:00:10]} 24. Bxd4
{[%clk 0:01:56]} exd4 {[%clk 0:00:11]} 25. Rd3 {[%clk 0:01:46]} f5
{[%clk 0:00:12]} 26. Re1 {[%clk 0:01:30]} fxe4 {[%clk 0:00:12]} 27. Rxe4
{[%clk 0:01:28]} Rxe4 {[%clk 0:00:10]} 28. fxe4 {[%clk 0:01:29]} Re8
{[%clk 0:00:10]} 29. Rf3 {[%clk 0:01:20]} Qc5 {[%clk 0:00:05]} 30. b4
{[%clk 0:01:18]} Qc8 {[%clk 0:00:06]} 31. Qd3 {[%clk 0:01:01]} Qd7
{[%clk 0:00:04]} 32. h3 {[%clk 0:00:58]} Qa4 {[%clk 0:00:04]} 33. Rf2
{[%clk 0:00:53]} Be5 {[%clk 0:00:05]} 34. Qf3 {[%clk 0:00:52]} Qd7
{[%clk 0:00:06]} 35. b5 {[%clk 0:00:41]} Qg7 {[%clk 0:00:04]} 36. bxa6
{[%clk 0:00:34]} bxa6 {[%clk 0:00:05]} 37. Nb4 {[%clk 0:00:32]} Rc8
{[%clk 0:00:05]} 38. Qg4 {[%clk 0:00:26]} Qb7 {[%clk 0:00:04]} 39. Qe6+
{[%clk 0:00:25]} Kh8 {[%clk 0:00:05]} 40. Nd5 {[%clk 0:00:22]} Rd8 41. Rf7
{[%clk 0:00:19]} Qb2+ {[%clk 0:00:03]} 42. Rf2 {[%clk 0:00:15]} Qb3
{[%clk 0:00:04]} 43. Nf4 {[%clk 0:00:07]} Qe3 {[%clk 0:00:04]} 44. Qd5
{[%clk 0:00:05]} g5 {[%clk 0:00:03]} 45. Nh5 {[%clk 0:00:03]} 1-0

[Event "Team Championship (men blitz)"]
[Site "Sochi"]
[Date "2017.10.05"]
[Round "8.31"]
[White "Perov, German"]
[Black "Kozlov, Oleg"]
[Result "0-1"]
[LiveChessVersion "1.4.8"]
[BlackElo "2286"]
[WhiteElo "2152"]

1. e4 {[%clk 0:03:03]} c5 {[%clk 0:03:03]} 2. d4 {[%clk 0:03:03]} cxd4 3. c3 dxc3
{[%clk 0:03:05]} 4. Nxc3 {[%clk 0:03:06]} e6 {[%clk 0:03:07]} 5. Nf3
{[%clk 0:03:07]} a6 {[%clk 0:03:08]} 6. Bc4 b5 7. Bb3 {[%clk 0:03:09]} Nc6
{[%clk 0:03:01]} 8. O-O {[%clk 0:03:08]} d6 {[%clk 0:03:01]} 9. Qe2
{[%clk 0:03:08]} Ra7 {[%clk 0:03:02]} 10. Be3 {[%clk 0:03:05]} Rd7
{[%clk 0:03:03]} 11. Rfd1 {[%clk 0:03:06]} Bb7 {[%clk 0:03:05]} 12. Ng5
{[%clk 0:02:39]} Na5 {[%clk 0:02:51]} 13. f4 {[%clk 0:01:52]} Nxb3
{[%clk 0:02:48]} 14. axb3 {[%clk 0:01:53]} Be7 {[%clk 0:02:36]} 15. Nf3
{[%clk 0:01:50]} Nf6 {[%clk 0:02:23]} 16. e5 {[%clk 0:01:49]} Ng4
{[%clk 0:02:18]} 17. Bd4 {[%clk 0:01:40]} O-O {[%clk 0:01:51]} 18. h3
{[%clk 0:01:35]} dxe5 {[%clk 0:01:46]} 19. fxe5 {[%clk 0:01:11]} Nh6 20. Bf2
Rxd1+ {[%clk 0:00:55]} 21. Rxd1 {[%clk 0:01:12]} Qa8 {[%clk 0:00:57]} 22. Rd7
{[%clk 0:01:03]} Nf5 {[%clk 0:00:57]} 23. Nd4 {[%clk 0:00:58]} Nxd4
{[%clk 0:00:38]} 24. Bxd4 {[%clk 0:00:59]} Bg5 {[%clk 0:00:29]} 25. Bc5
{[%clk 0:00:53]} Rd8 {[%clk 0:00:28]} 26. Rxd8+ {[%clk 0:00:42]} Bxd8
{[%clk 0:00:28]} 27. Qf2 {[%clk 0:00:25]} h6 {[%clk 0:00:26]} 28. Ne2
{[%clk 0:00:23]} Bd5 {[%clk 0:00:23]} 29. Nf4 {[%clk 0:00:23]} Bxb3
{[%clk 0:00:22]} 30. Nh5 {[%clk 0:00:19]} Qe4 {[%clk 0:00:12]} 31. Qg3
{[%clk 0:00:17]} Bg5 {[%clk 0:00:09]} 32. Bd6 {[%clk 0:00:04]} Bd5
{[%clk 0:00:06]} 33. h4 {[%clk 0:00:05]} Qxh4 {[%clk 0:00:07]} 34. Qxh4
{[%clk 0:00:04]} Bxh4 {[%clk 0:00:08]} 35. Nf4 {[%clk 0:00:05]} Bc4
{[%clk 0:00:09]} 36. Kh2 {[%clk 0:00:05]} Bg5 {[%clk 0:00:10]} 37. Nh3
{[%clk 0:00:07]} Bc1 {[%clk 0:00:11]} 38. b4 {[%clk 0:00:07]} Ba3
{[%clk 0:00:11]} 39. Nf2 {[%clk 0:00:08]} Bb2 {[%clk 0:00:11]} 40. Nd1
{[%clk 0:00:09]} Bd4 {[%clk 0:00:12]} 41. Kg3 {[%clk 0:00:09]} Be2
{[%clk 0:00:14]} 42. Nf2 {[%clk 0:00:10]} g5 {[%clk 0:00:14]} 43. Ne4
{[%clk 0:00:11]} Kg7 {[%clk 0:00:15]} 44. Nf6 {[%clk 0:00:12]} Bc4
{[%clk 0:00:12]} 45. Ne8+ {[%clk 0:00:13]} Kg6 {[%clk 0:00:13]} 46. Nc7
{[%clk 0:00:14]} Kf5 {[%clk 0:00:11]} 47. Kf3 {[%clk 0:00:05]} Bd5+
{[%clk 0:00:12]} 48. Nxd5 {[%clk 0:00:05]} exd5 {[%clk 0:00:13]} 49. g4+
{[%clk 0:00:05]} Ke6 {[%clk 0:00:15]} 50. Bf8 {[%clk 0:00:06]} Bxe5
{[%clk 0:00:15]} 51. Bxh6 {[%clk 0:00:07]} f6 {[%clk 0:00:17]} 52. Bf8
{[%clk 0:00:08]} Bd6 {[%clk 0:00:18]} 0-1

[Event "Team Championship (men blitz)"]
[Site "Sochi"]
[Date "2017.10.05"]
[Round "8.32"]
[White "Ozgibcev, Anatoly"]
[Black "Bondareva, Daria"]
[Result "1-0"]
[LiveChessVersion "1.4.8"]
[BlackElo "1663"]
[WhiteElo "2354"]

1. e4 {[%clk 0:03:00]} e5 {[%clk 0:03:04]} 2. Nf3 {[%clk 0:03:01]} Nc6
{[%clk 0:03:05]} 3. Bc4 {[%clk 0:03:02]} Nf6 {[%clk 0:03:02]} 4. d4
{[%clk 0:03:02]} exd4 {[%clk 0:02:59]} 5. O-O {[%clk 0:03:01]} Nxe4
{[%clk 0:02:46]} 6. Re1 {[%clk 0:03:02]} d5 {[%clk 0:02:46]} 7. Bxd5
{[%clk 0:03:02]} Qxd5 8. Nc3 {[%clk 0:02:58]} Qa5 {[%clk 0:02:49]} 9. Nxe4
{[%clk 0:02:58]} Be6 {[%clk 0:02:50]} 10. Neg5 {[%clk 0:02:58]} O-O-O
{[%clk 0:02:51]} 11. Nxe6 {[%clk 0:02:59]} fxe6 {[%clk 0:02:52]} 12. Rxe6
{[%clk 0:02:59]} Bd6 {[%clk 0:02:20]} 13. Bg5 {[%clk 0:02:59]} Rde8
{[%clk 0:02:16]} 14. Qe1 {[%clk 0:03:00]} Qxe1+ {[%clk 0:02:05]} 15. Rexe1
{[%clk 0:03:00]} Kd7 {[%clk 0:01:43]} 16. a3 {[%clk 0:02:52]} Rxe1+
{[%clk 0:01:10]} 17. Rxe1 {[%clk 0:02:52]} Re8 {[%clk 0:01:11]} 18. Rd1
{[%clk 0:02:54]} Re2 {[%clk 0:01:00]} 19. Bd2 {[%clk 0:02:54]} h6
{[%clk 0:00:30]} 20. Kf1 {[%clk 0:02:43]} Re6 {[%clk 0:00:32]} 21. Bc1
{[%clk 0:02:40]} Bc5 {[%clk 0:00:18]} 22. b4 {[%clk 0:02:37]} Bb6
{[%clk 0:00:19]} 23. c4 {[%clk 0:02:38]} a5 {[%clk 0:00:08]} 24. c5
{[%clk 0:02:38]} Ba7 {[%clk 0:00:09]} 25. b5 {[%clk 0:02:36]} Ne5
{[%clk 0:00:06]} 26. Nxd4 {[%clk 0:02:35]} Rf6 {[%clk 0:00:04]} 27. Nc6+
{[%clk 0:02:25]} Ke6 {[%clk 0:00:05]} 28. Nxa7 {[%clk 0:02:14]} Rf5
{[%clk 0:00:03]} 29. c6 {[%clk 0:02:06]} b6 {[%clk 0:00:04]} 30. Re1
{[%clk 0:02:01]} Kd6 {[%clk 0:00:03]} 31. Nc8+ {[%clk 0:02:01]} Ke6
{[%clk 0:00:04]} 32. Bb2 {[%clk 0:02:01]} Kf6 {[%clk 0:00:00]} 1-0

[Event "Team Championship (men blitz)"]
[Site "Sochi"]
[Date "2017.10.05"]
[Round "9.2"]
[White "Oganian, Miran"]
[Black "Andreikin, Dmitry"]
[Result "0-1"]
[LiveChessVersion "1.4.8"]
[BlackElo "2787"]
[WhiteElo "2496"]

1. d4 {[%clk 0:03:03]} d5 {[%clk 0:03:04]} 2. c4 {[%clk 0:03:04]} c6
{[%clk 0:03:05]} 3. Nf3 {[%clk 0:03:05]} Nf6 {[%clk 0:03:06]} 4. Qc2
{[%clk 0:03:07]} g6 {[%clk 0:03:07]} 5. Bf4 {[%clk 0:03:07]} Bg7 {[%clk 0:03:08]}
6. e3 {[%clk 0:03:09]} O-O {[%clk 0:03:09]} 7. Nc3 {[%clk 0:03:10]} a6
{[%clk 0:03:06]} 8. h3 {[%clk 0:03:04]} b5 {[%clk 0:02:56]} 9. cxd5
{[%clk 0:02:57]} cxd5 {[%clk 0:02:56]} 10. Bd3 {[%clk 0:02:49]} Nc6
{[%clk 0:02:55]} 11. a3 {[%clk 0:02:45]} Bb7 {[%clk 0:02:55]} 12. O-O
{[%clk 0:02:44]} Rc8 {[%clk 0:02:56]} 13. Qe2 {[%clk 0:02:34]} Na5
{[%clk 0:02:53]} 14. Ne5 {[%clk 0:02:26]} Ne4 {[%clk 0:02:46]} 15. Na2
{[%clk 0:01:36]} f6 {[%clk 0:02:39]} 16. Nf3 {[%clk 0:01:35]} Nc4
{[%clk 0:02:39]} 17. Rfc1 {[%clk 0:01:24]} Re8 {[%clk 0:02:40]} 18. Bh2
{[%clk 0:01:24]} e5 {[%clk 0:02:37]} 19. b3 {[%clk 0:01:06]} Ncd6
{[%clk 0:02:33]} 20. Rxc8 {[%clk 0:00:57]} Qxc8 {[%clk 0:02:30]} 21. Rc1
{[%clk 0:00:58]} Qd7 {[%clk 0:02:27]} 22. Bb1 {[%clk 0:00:49]} Nf5
{[%clk 0:02:01]} 23. Qb2 {[%clk 0:00:43]} Qe7 {[%clk 0:01:25]} 24. Nb4
{[%clk 0:00:30]} Nfd6 {[%clk 0:01:05]} 25. Nd3 {[%clk 0:00:25]} Nf7
{[%clk 0:01:02]} 26. Nc5 {[%clk 0:00:21]} Nxc5 {[%clk 0:01:00]} 27. Rxc5
{[%clk 0:00:22]} exd4 {[%clk 0:01:00]} 28. Qxd4 {[%clk 0:00:16]} f5
{[%clk 0:01:01]} 29. Qb4 {[%clk 0:00:11]} Bf8 {[%clk 0:00:59]} 30. Rc7
{[%clk 0:00:11]} Qxc7 {[%clk 0:01:00]} 31. Bxc7 {[%clk 0:00:05]} Bxb4
{[%clk 0:01:00]} 32. axb4 {[%clk 0:00:06]} Rc8 {[%clk 0:01:01]} 0-1